| 000 | 02126nam a2200313 4500 | ||
|---|---|---|---|
| 001 | 113813 | ||
| 003 | DR-UNIBE | ||
| 005 | 20250701153340.0 | ||
| 008 | 250701b2016 dr ||||| |||| 00| 0 spa d | ||
| 040 |
_aBIBLIOTECA UNIBE _bspa _cBIBLIOTECA UNIBE _erda |
||
| 041 | _aspa | ||
| 082 |
_222 _aRD 372. 24 R426a |
||
| 110 | 1 | 0 |
_aRepública Dominicana. Ministerio de Educación (MINERD). Viceministerio de Servicios Técnicos y Pedagógicos _9196806 |
| 245 | 1 | 3 |
_aLa alfabetización inicial el derecho a aprender y crecer : _bun aporte a la comprensión de los procesos de alfabetización inicial, dirigido a maestras y maestros alfabetizadores de 1ro, 2do y 3er grado / _cMinisterio de Educación (MINERD) |
| 260 |
_aSanto Domingo: _bMinisterio de Educación (MINERD), _c2016 |
||
| 300 |
_a88 páginas : _bcuadros, dibujos ; _c27 x 221 cm |
||
| 490 | _aSistema de apoyo a los aprendizajes | ||
| 505 | _aPresentación | Primera parte. 1. Evolución del concepto de alfabetización | 2. Teorías y métodos tradicionales de alfabetización | 3. Antecedentes de alfabetización inicial en República Dominicana | 4. Concepción de la infancia y la niñez | 5. Teorías y enfoques actuales de la lengua escrita | Segunda parte . 6. Las niñas y los niños como sujetos cognoscentes | 7. Cómo intervienen los docentes para favorecer los procesos del alfabetización inicial | 8. Orientaciones del modelo pedagógico del primer ciclo acerca de la alfabetización inicial | 9. A modo de cierre | 10. Referencias | ||
| 650 | 7 |
_2lemb _a Alfabetización (Educación) |
|
| 650 | 7 |
_2lemb _a Educación primaria _zRepública Dominicana _94432 |
|
| 650 | 7 |
_2lemb _a Educación preescolar _xRepública Dominicana _928502 |
|
| 700 | 1 | 0 |
_aCastillo, Lilliam _9196871 _eredacción |
| 700 | 1 | 0 |
_aIncháustegui, María Isabel _943909 _eredacción |
| 700 | 1 | 0 |
_aCeballos Díaz, Rita Ma. _9196846 _ecoordinador |
| 700 | 1 | 0 |
_aGómez, Onelda Ma. _9196872 _ecoordinador |
| 700 | 1 | 0 |
_aCuesta Soriano, Modesto _9151811 _ecorrector de estilo |
| 700 | 1 | 0 |
_aMontás D´Oleo, Bertha Marcily _9196779 _ediseñador _ediagramador |
| 942 |
_2ddc _cBK |
||
| 999 |
_c113813 _d113813 |
||